Italian Big Band [CD аудио] (Запис номер 221392)
[ съкратено ]
| 000 -Лидер | |
|---|---|
| Контролно поле с фиксирана дължина | 01107njm a2200337 c 4500 |
| 003 - Код на организацията, давaща контролен номер | |
| Контролно поле | BLK |
| 005 - Дата и час на последна редакция | |
| Контролно поле | 20220519081228.0 |
| 008 - Елементи от данни с фиксирана дължина | |
| fixed length control field | 180410b bul||n||s|||||||| n|bulo| |
| 010 ## - Наследен системен номер | |
| LC control number | CDD00003863000 |
| 040 ## - Източник на каталожния запис | |
| Идентификатор на билиотеката - собственик на записа | BLK |
| 041 ## - Код за език | |
| Код за езика на текст/звукозапис или на отделно заглавие | Италиански |
| Код за езика КДБФ | Други |
| 080 ## - УДК | |
| Текстов определител УДК | Други видове песни. - Естрада, джаз. Стари градски. Рок-и попмузика. Чалга(поп-фолк) |
| УДК код - определител по УДК | 784.7 |
| УДК определител | |
| УДК - код + определител | 784.7 |
| 139 ## - Редно поле | |
| Редна дума | Italian Big Band [CD аудио] |
| Авторски знак | It - I 87 |
| 245 10 - Сведения за заглавието | |
| Заглавие | Italian Big Band [CD аудио] |
| Редно поле (дума) | изп. Italian Big Band; диригент Marco Renzi. |
| 257 ## - Страна на издаване | |
| Страна на създаване/издаване | Италия |
| 260 ## - Област на издателските данни | |
| -- | Livorno |
| Име на издателя, разпространителя и проч. | Fone |
| Година на издаване | 2001 |
| 300 ## - Физическа характеристика | |
| Страници | 12 cm. Stereo |
| 306 ## - Продължителност на изпълнението | |
| Времетраене | 69мин. 36сек. |
| 380 ## - Жанр | |
| Жанр | Изкуство |
| 590 ## - Забележки на библиотеката, притежаваща документа (RLIN) | |
| Служебно | S.N: 101317 от КНИГИ |
| 650 #4 - Допълнително описание по предмет – тема | |
| Основно описание – тема или топоним | Джаз |
| 9 (RLIN) | 153283 |
| 653 ## - Ключова дума – ненормативна | |
| Ключова дума | джаз |
| 653 ## - Ключова дума – ненормативна | |
| Ключова дума | Биг бенд |
| 700 1# - Други автори (авторска отговорност) | |
| Лично име | Italian Big Band |
| Автороска отговорност (Описва отношението между автора и произведението) | изп. |
| 9 (RLIN) | 13791 |
| 700 1# - Други автори (авторска отговорност) | |
| Лично име | Renzi, Marco |
| Автороска отговорност (Описва отношението между автора и произведението) | диригент |
| 9 (RLIN) | 22315 |
| 852 ## - Местоположение | |
| Форматна сигнатура | Цб CD 434 |
| Част | 0 |
| 856 4# - Електронен адрес и достъп | |
| Електронен формат | pdf - файл |
| Път до файла /url/ | |
| 856 4# - Електронен адрес и достъп | |
| Електронен формат | pdf - файл |
| Път до файла /url/ | |
| 942 ## - АРТИКУЛИ | |
| Вид на библиотечния материал | Компактдискове |
| Скрит в OPAC | Не |
| Koha issues (borrowed), all copies | 1 |
| 944 ## - СЪЗДАВАНЕ И РЕДАКЦИЯ на ЗАПИСА | |
| Създаване/Редакция | Създаване |
| Дата на регистрацията/редакция | 06.02.2004 |
| Служител, извършил регистрацията/редакцията | Наталия_Медовщикова |
| 944 ## - СЪЗДАВАНЕ И РЕДАКЦИЯ на ЗАПИСА | |
| Създаване/Редакция | Редакция |
| Дата на регистрацията/редакция | 06.02.2004 |
| Служител, извършил регистрацията/редакцията | |
| 999 ## - СИСТЕМНИ КОНТРОЛНИ НОМЕРА | |
| Koha biblionumber | 221392 |
| Koha biblioitemnumber | 221392 |
| Код за отписване | Код за изгубен артикул | Източник на класификационната схема | Код за повреда | Коз за рестрикции | Код за отдаване | Артикулен № | Име на библиотеката - собственик | Име на библиотеката, в която се намира в момента | Статус (Текущо местоположение) | Дата на вписване в системата | Местоположение - отдел | Цена в лева | Инвентарен номер | Систематично азбучна сигнатура | Баркод | Номер на екземпляра | Цена в евро | Служебна бележка | Служебен тип на артикула |
|---|---|---|---|---|---|---|---|---|---|---|---|---|---|---|---|---|---|---|---|
| Не е изгубен | Universal Decimal Classification | Не е повреден | без рестрикции | заемане за дома | 393286 | Регионална библиотека "Любен Каравелов" Русе | Регионална библиотека "Любен Каравелов" Русе | Отдел Изкуство - подръчен фонд | 2002-05-11 | Отдел Изкуство - подръчен фонд | 3.00 | 250000000439 | 78.036.9/I 87 | 250000000439 | 1 | 1.53 | Дост: Pk Вид: Ф N: 132 Дата: 08.05.2002 | Компактдискове |